000 00879na a2200241 4500
001 19421
003 MIRAKIL
005 20181213155107.0
008 161214b tu 000 0
020 _a9786054561353
040 _aMilas
_btur
_cTR-AnCHP
041 _atur
082 _a956.1023
_bG95m 2014
090 _a956.1023 G95m 2014
100 _aGünaydın, Ahmet Necip
245 _aMilli Mücadele'de işgaller ve zaferlerin Sivas'taki yansımaları
_cAhmet Necip Günaydın
260 _aSivas
_bCumhuriyet Üniversitesi Atatürk İlkeleri Araştırma ve Uygulama Merkezi Yayınları
_c2014
300 _a52 s.
_bres.; fotğ.
_c21 sm.
490 _aCumhuriyet Üniversitesi Atatürk İlkeleri Araştırma ve Uygulama Merkezi Yayınları
_v6
650 _aMilli Mücadele, 1919-1923
_zSivas
651 _aTürkiye
_xTarih
_yMilli Mücadele Dönemi
942 _2dcc
_cBKS
999 _c6406
_d6406